000 00546nam a2200121Ia 4500
008 220620s9999||||xx |||||||||||||| ||und||
100 _aLatawiec, Agnieszka||Agol, Dorice
245 0 _aSustainability Indicators in Practice
546 _aEnglish[eng]
650 _awastewater||biodiversity||land-use change||case studies||air||indicators||monitoring||Sustainable development||deforestation||agriculture||complex systems||river basin management||land||fisheries||REDD+||restoration
856 _uhttps://doi.org/10.1515/9783110450507
942 _cEB
999 _c33015
_d33015